• 首页
  • 本馆介绍
  • 公告通知
  • 最新文献
  • 馆藏检索
  • 电子资源
  • 读者导购
  • 参考咨询
  • 我的图书馆
  • 登录
  • 详细信息显示
  • 放入我的书架
  • 预约/预借图书
  • 作者相关作品
  • 分类相关作品
  • 丛书相关作品
  • 出版社相关作品

书目信息

  • 表格格式
  • 工作单格式
  • 卡片格式
题名:
中国田制史
    
 
作者: 万国鼎 著
分册:  
出版信息: 北京   商务印书馆  2011.09
页数: 16,394页
开本: 21cm
丛书名: 中华现代学术名著丛书
单 册:
中图分类: F329.02
科图分类:
主题词: 土地制度--历史--中国--古代 , 土地制度 , 历史
电子资源:
ISBN: 978-7-100-08449-9
000 01031oam2 2200325 450
001 010050026692
005 20120612090309.85
010    @a978-7-100-08449-9@dCNY31.00
010    @a978-7-100-08508-3@dCNY1339.00(全套)
100    @a20120105d2011 em y0chiy50 ea
101 0  @achi
102    @aCN@b110000
105    @ack z 000yy
106    @ar
200 1  @a中国田制史@9zhong guo tian zhi shi@f万国鼎著
210    @a北京@c商务印书馆@d2011.09
215    @a16,394页@c肖像@d21cm
225 2  @a中华现代学术名著丛书
300    @a国家出版基金项目
305    @a本书据正中书局1934年版排印
308    @a丛书第二辑
330    @a本书主要内容包括:上古田制之推测及土地私有制之成立、两汉之均产运动、北朝隋唐之均田制度、均田制度破坏后之唐宋元等。
461  0 @12001 @a中华现代学术名著丛书
606 0  @a土地制度@x历史@y中国@z古代
606 0  @a土地制度
606 0  @a历史
690    @aF329.02@v4
701  0 @a万国鼎@9wan guo ding@f(1897-1963)@4著
801  0 @aCN@bRENTIAN@c20120105
905    @b539791-95@dF329.02@e129@f5
    
    中国田制史/万国鼎著.-北京:商务印书馆,2011.09
    16,394页:肖像;21cm.-(中华现代学术名著丛书)
    国家出版基金项目
    
    ISBN 978-7-100-08449-9:CNY31.00
    本书主要内容包括:上古田制之推测及土地私有制之成立、两汉之均产运动、北朝隋唐之均田制度、均田制度破坏后之唐宋元等。
●
相关链接 在E读中查询图书 在五车中查询图书 在当当中查询图书 在豆瓣中查询图书


正题名:中国田制史     索取号:F329.02/129         预约/预借

序号 登录号 条形码 馆藏地/架位号 状态 备注
1 539791   205397916   第一样本阅览室/ [索取号:F329.02/129] 在馆    
2 539792   205397925   第一借阅区/ [索取号:F329.02/129] 在馆    
3 539793   205397934   第一借阅区/ [索取号:F329.02/129] 在馆    
4 539794   205397943   第一借阅区/ [索取号:F329.02/129] 在馆    
5 539795   205397952   第一借阅区/ [索取号:F329.02/129] 在馆    
唐山师范学院图书馆 欢迎您!
大连网信软件有限公司© 版权所有